Statistiques concernant Plus grands pays d'athlétisme

Cliquez ici pour prendre le quiz!

Statistiques générales

  • Ce quiz a été pris 263 fois
  • Le résultat moyen est 11 sur 15

Statistiques - réponses

Nombre de médailles d'orPays% Correct
10France
100%
144Etats-Unis
96%
75Russie
96%
55Allemagne
93%
25Royaume-Uni
93%
11Chine
86%
11Italie
86%
31Jamaïque
85%
50Kenya
83%
25Ethiopie
73%
16Pologne
73%
11Ukraine
59%
21Cuba
46%
10Biélorussie
23%
17République Tchèque
22%

Distribution des résultats

Percentile par nombre de réponses

% des personnes avec chaque résultat

Votre développement - résultats

Vous n’avez pas pris ce quiz